Porovnanie vybraných makroekonomických ukazovateľov Slovenska s tranzitívnymi ekonomikami
Cieľom príspevku je zhodnotiť vývoj hlavných makroekonomických ukazovateľov Slovenskej republiky v období od jej vzniku až po súčasnosť a následne vybrané indikátory makroekonomického vývoja Slovenska, porovnať s vývojom rovnakých indikátorov v tranzitívnych ekonomikách, konkrétne v Poľsku Maďarsku...
Uložené v:
| Hlavný autor: | |
|---|---|
| Ďalší autori: | |
| Médium: | Kapitola |
| Jazyk: | Slovak |
| Predmet: | |
| Tagy: |
Žiadne tagy, Buďte prvý, kto otaguje tento záznam!
|
MARC
| LEADER | 00000nla$a2200000$$$4500 | ||
|---|---|---|---|
| 001 | 0065752 | ||
| 005 | 20240502071759.7 | ||
| 041 | 0 | |a slo | |
| 044 | |a SK | ||
| 245 | 1 | 0 | |a Porovnanie vybraných makroekonomických ukazovateľov Slovenska s tranzitívnymi ekonomikami |c Marcel Novák, Martin Novák |
| 520 | |a Cieľom príspevku je zhodnotiť vývoj hlavných makroekonomických ukazovateľov Slovenskej republiky v období od jej vzniku až po súčasnosť a následne vybrané indikátory makroekonomického vývoja Slovenska, porovnať s vývojom rovnakých indikátorov v tranzitívnych ekonomikách, konkrétne v Poľsku Maďarsku a v Českej republike. Článok sa osobitne orientuje na analýzu vývoja ekonomického cyklu v SR a faktorom ktoré ovplyvňovali vnútornú a vonkajšiu rovnováhu ekonomického prostredia. V záverečnej časti autor identifikuje podobnosti a odlišnosti v cyklickom vývoji vybraných tranzitívnych ekonomík a presadzuje myšlienku, že vstupom krajín do európskej menovej únie sa zvýši ich vzájomná synchronizácia ekonomických cyklov. | ||
| 610 | 2 | 0 | |a cykly hospodárske |
| 610 | 2 | 0 | |a rast hospodársky |
| 610 | 2 | 0 | |a produkt domáci hrubý |
| 610 | 2 | 0 | |a kapitál fixný |
| 610 | 2 | 0 | |a spotreba domácností |
| 100 | 1 | |a Novák, Marcel, 1979- | |
| 700 | 1 | |a Novák, Martin, 1980- | |